MDQL
is popping MORE tags! Check the
thread
!
Quizzes
Events
Quiz Creation
Community
Videos
Private Events
Remove Ads
Sign In
Join for FREE
Feedback
Dark Mode
Quiz Categories
Sports
Geography
Music
Movies
Television
Just For Fun
Miscellaneous
History
Literature
Language
Science
Gaming
Entertainment
Religion
Holiday
For Kids
Quiz Lab
Recent
Popular Today
Quiz Kudos Today
Editor Picks
Curator Picks
Quizzes by...
Day
Popularity
Type
Ratings
Length
Year
Community
Subscriptions
Recent Discussions
Orange Saloon
Badges
Playlists
Quests
Create
Leaderboards
Showdown
Live 5
Trivia Bingo
Activity
Puzzle Library
Sporcle Events
Private Events
Virtual Trivia
Globe League
Become a Host
Pub Owners
SporcleCon
Opinionation
Our Games
Videos
Blog
Mobile Apps
Partnerships
Remove Ads and Go Orange
Feedback
Sports
Athletes
MLB
NBA
NHL
NFL
Soccer
Sports Teams
WWE
NCAA
Football
Premier League
Basketball
Baseball
Hockey
Golf
Tennis
Cricket
Rugby
Auto Racing
Olympics
World Cup
Sports
Athletes
MLB
NBA
NHL
NFL
Soccer
Sports Teams
WWE
NCAA
Football
Premier League
Basketball
Baseball
Hockey
Golf
Tennis
Cricket
Rugby
Auto Racing
Olympics
World Cup
Random Quiz
Search Sporcle
×
Quiz Lab
Quiz Lab
Sports
NHL
Type in answers that appear in a list
Type in answers that appear in a list
Classic
Best Score? Go Orange.
Toronto Maple Leafs Coaches, GMs, and Captains Stats
Can you name the Toronto Maple Leafs Coaches, GMs, and Captains
By
Fishmongery
12m
79 Questions
98 Plays
98 Plays
98 Plays
Comments
Comments
Give Quiz Kudos
Give Quiz Kudos
-
- Ratings
hide this ad
Replay
Link that replays current quiz
Next Quiz
Link to next quiz in quiz playlist
You Got
0%
They Got
Avg Score
57%
Avg Friend Score
Upgrade to see
Score Distribution
Jump to the score distribution portion of the page
Score
0/79
Timer
12:00
0
Plays Today
Hint
Answer
% Correct
Captain (1975-
1979)
Darryl Sittler
94.9%
Captain (1980-
1982)
Darryl Sittler
94.9%
Captain (1991-
1994)
Wendel Clark
94.9%
Captain (1997-
2008)
Mats Sundin
93.9%
Captain (1994-
1997)
Doug Gilmour
92.9%
Coach (1998-
2006)
Pat Quinn
91.8%
GM (1999-
2003)
Pat Quinn
91.8%
Coach (1988-
1989)
George Armstrong
90.8%
Captain (1958-
1969)
George Armstrong
90.8%
Captain (2010-
2014)
Dion Phaneuf
90.8%
GM (2008-
2013)
Brian Burke
89.8%
Coach (1992-
1996)
Pat Burns
86.7%
Coach (2008-
2012)
Ron Wilson
86.7%
Captain (1969-
1975)
Dave Keon
86.7%
Coach (2012-
2014)
Randy Carlyle
84.7%
Captain (1982-
1986)
Rick Vaive
84.7%
Coach (1958-
1969)
Punch Imlach
81.6%
Coach (1980-
1980)
Punch Imlach
81.6%
GM (1958-
1969)
Punch Imlach
81.6%
GM (1979-
1981)
Punch Imlach
81.6%
GMs (1981-
1982)
Punch Imlach and Gerry McNamara
81.6%
Captain (1948-
1955)
Ted Kennedy
76.5%
Captain (1957-
1957)
Ted Kennedy
76.5%
Captain (1937-
1938)
Charlie Conacher
74.5%
Captain (1940-
1943)
Syl Apps
74.5%
Captain (1945-
1948)
Syl Apps
74.5%
GM (2013-
2014)
Dave Nonis
73.5%
Coach (1940-
1950)
Hap Day
72.4%
GM (2003-
2008)
John Ferguson Jr.
72.4%
Captain (1927-
1937)
Hap Day
72.4%
Coach (2006-
2008)
Paul Maurice
70.4%
GM (1991-
1997)
Cliff Fletcher
70.4%
GM (2008-
2008) Interim
Cliff Fletcher
70.4%
Coach (1973-
1977)
Red Kelly
67.3%
Coach (1979-
1980)
Floyd Smith
67.3%
GM (1989-
1991)
Floyd Smith
67.3%
Captain (1955-
1956)
Sid Smith
67.3%
Coach (1953-
1956)
King Clancy
66.3%
Coach (1966-
1966) Interim
King Clancy
66.3%
Coach (1972-
1972) Interim
King Clancy
66.3%
Hint
Answer
% Correct
Coach (1927-
1930)
Conn Smythe
64.3%
GM (1927-
1957)
Conn Smythe
64.3%
GM (1957-
1958)
Stafford Smythe
64.3%
Captain (1989-
1991)
Rob Ramage
61.2%
Coach (1977-
1979)
Roger Neilson
60.2%
GM (1982-
1988)
Gerry McNamara
54.1%
Coach (1950-
1953)
Joe Primeau
51%
GM (1997-
1999)
Ken Dryden
51%
Coach (1931-
1940)
Dick Irvin
50%
Coach (1996-
1998)
Mike Murphy
50%
Coach (1986-
1988)
John Brophy
44.9%
Coach (1990-
1992)
Tom Watt
44.9%
GM (1988-
1989)
Gord Stellick
44.9%
Captain (1938-
1940)
Red Horner
41.8%
Coach (1980-
1980)
Dick Duff
36.7%
Coach (1989-
1990)
Doug Carpenter
36.7%
Coach (1981-
1984)
Mike Nykoluk
34.7%
Coach (1984-
1986)
Don Maloney
34.7%
GM (1969-
1979)
Jim Gregory
33.7%
Coach (1956-
1957)
Howie Meeker
31.6%
Coach (1996-
1996)
Nick Beverly
31.6%
Captain (1943-
1945)
Bob Davidson
30.6%
Captain (1956-
1957)
Jimmy Thomson
28.6%
Coach (1980-
1981)
Joe Crozier
26.5%
Coach (1969-
1973)
John McLellan
25.5%
Captain (1927-
1927)
Bert Corbeau
24.5%
Coach (1957-
1958)
Billy Reay
23.5%
Coach (1917-
1919)
Dick Carroll
22.4%
Coach (1920-
1921)
Frank Carroll
22.4%
Coach (1923-
1924)
Charles Querrie
22.4%
Coach (1926-
1927)
Charles Querrie
22.4%
GM (1917-
1927)
Chalres Querrie
22.4%
Coach (1930-
1931)
Art Duncan
15.3%
Coach (1921-
1923)
George O'Donoghue
11.2%
Coach (1919-
1920)
Frank Heffernan
8.2%
Coach (1920-
1920)
Harvey Sproule
7.1%
Coach (1927-
1927)
Mike Rodden
6.1%
Coach (1927-
1927)
Alex Romeril
6.1%
Coach (1924-
1926)
Eddie Powers
5.1%
Quiz Playlist
Details
Report
Send in Message
Add To Playlist
Classic:
Type in answers that appear in a list
Last Updated: Feb 16, 2017
Quiz Scoreboard
CHALLENGE
Sign Up to Join the Scoreboard
Show All
Scores
Hide
Comments
May contain spoilers
Recently Published
Holiday 10x10 Sorting Gallery
by lukepisani3
Holiday
15m
Two Season TV Shows II
by 123Four
Television
10m
Image Sorting: Flags VI
by Barbecue
Geography
2m
More to Explore
Quiz From the Vault
Featured Blog Post
14 Easter Pick-up Lines to Find Eggs With
hide this ad
You Might Also Like...
Tags
NHL Quiz
NHL Player
Toronto Maple Leafs
Today's Top Quizzes in Sports
Browse Sports
hide this ad
Today's Top Quizzes in NHL
Browse NHL
Top Contributed Quizzes in Sports
1
Les meilleurs buteurs des matchs entre le PSG et l’OM
2
Les entraîneurs de l'OM et du PSG au 21e siècle
3
2022 World Cup Stars
4
Les joueurs passés par le PSG et l'OM
5
Players with Multiple 50 Home Run Seasons
6
FIFA Club World Cup Champions
7
Criteria MLB: Left Handed Sluggers
8
Les joueurs passés par le LOSC et le RC Lens
9
Top 10 NHL Goal Scorers of All Time
10
NBA Logic Puzzle 2.0
Explore More
Trending Topics
Marvel
Disney
NBA
Kpop
Harry Potter
Anime
Crossword
WWE
Song
Puzzle
Soccer
NFL
Country
Pokémon
The Office
hide this ad
More By:
Fishmongery
Quiz
Plays
Rating
Category
Featured
Created
Canada Men's Olympic Hockey Point Leaders (since 1998)
173
5.00
Sports
May 31, 2014
NHL Points Leaders (Last Ten Seasons)
166
3.25
Sports
Mar 6, 2014
Pittsburgh Penguins Playoff Leaders
131
4.50
Sports
Nov 7, 2014
Toronto Maple Leafs Coaches, GMs, and Captains
98
Sports
Jun 1, 2014
NHL Leading Points Scorers by Birth Year
56
2.33
Sports
May 31, 2014
Go to Creator's Profile
Score Distribution
Quiz Creator Spotlight
Fishmongery
Follow
Send a Message
Quizzes Created
-
Created Quiz Play Count
-
More By This Creator
Popular Quizzes Today
1
Find the US States - No Outlines Minefield
2
Colored Red Africa Blitz
3
Find the 'City' Movie
4
The Countries of the World
5
5x2 Blitz: Bands
6
Find the Countries of Europe - No Outlines Minefield
7
Find the US States
8
US States
More Sports Quizzes
Stellar Steeler Defenders
Editor's Pick
Trending Quizzes
Colored Red Europe Blitz I
Colored Red Africa Blitz II
Colored Red Europe Blitz II
Even More Two Season TV Shows
Colored Red Africa Blitz III
Recently Updated
Quick Pick: 20 Twenties
pecheneg
March Madness Men's Triple Doubles
pecheneg
How Do You Spell That?
pecheneg
Godzilla Movies
pecheneg
Grab Bag: 4-10 Letters
pecheneg
2024 March Madness Bracket
pecheneg
Famous TV Couples
Peacemaker
Champions League XIs: Real Madrid
pecheneg
Largest US Cities 1790-2010
pecheneg
Rides in Walt Disney World
pecheneg
Trending Topics
Anime
Marvel
Kpop
Harry Potter
NBA
Disney
Crossword
NFL
Song
The Office
WWE
Puzzle
Country
Soccer
Pokémon
Your Account Isn't Verified!
In order to create a playlist on Sporcle, you need to verify the email address you used during registration. Go to your
Sporcle Settings
to finish the process.
Report this User
Report this user for behavior that violates our
Community Guidelines
.
Details:
Send Report
Go to the Sporcle.com Mobile Site →
Comments